| 000 | 00484nam a22001937a 4500 | ||
|---|---|---|---|
| 003 | CEME | ||
| 005 | 20210628202304.0 | ||
| 008 | 210115b xxu||||| |||| 00| 0 eng d | ||
| 020 | _a9780070252219 | ||
| 040 | _c. | ||
| 082 | _a621.392 NAV | ||
| 100 |
_aZainalabedin Navabi _959167 |
||
| 245 | _aVerilog digital system design | ||
| 250 | _a2ND | ||
| 260 |
_aINDIA _bMCGRAW HILL _c2013 |
||
| 300 | _aIX, 384P | ||
| 650 |
_aVERILOG DIGITAL SYSTEM DESIGN _959168 |
||
| 942 |
_cBK _2ddc |
||
| 999 |
_c569209 _d569209 |
||